[Event "chess.com Speed 2021"]
[Site "chess.com INT"]
[Date "2021.11.09"]
[Round "1.32"]
[White "Mamedyarov, Shakhriyar"]
[Black "Ding, Liren"]
[Result "1/2-1/2"]
[WhiteTitle "GM"]
[BlackTitle "GM"]
[WhiteElo "2765"]
[BlackElo "2799"]
[WhiteFideId "13401319"]
[BlackFideId "8603677"]
[EventDate "2021.11.08"]
[EventType "k.o."]

1. d4 Nf6 2. c4 e6 3. Nf3 d5 4. Nc3 Bb4 5. Bg5 h6 6. Bxf6 Qxf6 7. e3 O-O 8. Be2
dxc4 9. O-O c5 10. Ne4 Qe7 11. dxc5 Bxc5 12. Bxc4 Rd8 13. Qe2 Bb6 14. Ne5 Nd7
15. Nxd7 Bxd7 16. a3 Bc6 17. Ng3 Rd6 18. Rad1 Rad8 19. Bb3 g6 20. h3 h5 21. Bc2
Kg7 22. Ne4 Rxd1 23. Rxd1 Rxd1+ 24. Qxd1 Qd8 25. Qe1 Qd5 26. Qc3+ e5 27. f3 f5
28. Nf2 Qc5 29. Qxc5 Bxc5 30. e4 Kf6 31. Kf1 Bd4 32. b3 h4 33. a4 Bd7 34. Ke2
Be6 35. Nd1 Ke7 36. Ne3 Bxe3 37. Kxe3 f4+ 38. Kd3 a5 39. Kc3 Kd6 40. b4 b6 41.
b5 Kc5 42. Bd3 g5 43. Bf1 Bf7 44. Bd3 Bg8 45. Bf1 Be6 46. Bd3 Bd7 47. Bf1 Be6
48. Bd3 Ba2 49. Bf1 Be6 1/2-1/2

[Event "chess.com Speed 2021"]
[Site "chess.com INT"]
[Date "2021.11.09"]
[Round "1.33"]
[White "Ding, Liren"]
[Black "Mamedyarov, Shakhriyar"]
[Result "1/2-1/2"]
[WhiteTitle "GM"]
[BlackTitle "GM"]
[WhiteElo "2799"]
[BlackElo "2765"]
[WhiteFideId "8603677"]
[BlackFideId "13401319"]
[EventDate "2021.11.08"]
[EventType "k.o."]

1. d4 d5 2. c4 dxc4 3. e4 e5 4. Nf3 exd4 5. Bxc4 Nc6 6. O-O Bc5 7. Ng5 Nh6 8.
Nxf7 Nxf7 9. Bxf7+ Kxf7 10. Qh5+ g6 11. Qxc5 Re8 12. f3 Be6 13. Bf4 Qd7 14. Rd1
b6 15. Qg5 Kg8 16. Nc3 Bf7 17. Nb5 Ne5 18. Nxd4 Nc4 19. Nf5 Qe6 20. Nh6+ Kg7 21.
Ng4 h5 22. Qh6+ Kg8 23. Ne3 Nxb2 24. Rd2 Nc4 25. Nxc4 Qxc4 26. Rad1 Qc5+ 27. Kh1
Qf8 28. Qg5 Qe7 29. Qh6 Rad8 30. h3 Rxd2 31. Rxd2 Qf8 32. Qxf8+ Kxf8 33. Bxc7
Rc8 34. Bf4 Ke8 35. h4 Be6 36. Kh2 Rc4 37. a3 b5 38. Kg3 Ra4 39. Bd6 a5 40. Kf4
b4 41. axb4 axb4 42. Rd4 Ra2 43. Rxb4 Rxg2 44. Rb7 Bd7 45. Ke5 g5 46. Kf6 gxh4
47. Rb8+ Bc8 48. Rxc8+ Kd7 49. Rh8 Kxd6 50. Rxh5 Rf2 51. e5+ Kd5 52. e6+ Kd6 53.
Rf5 h3 54. e7 Re2 55. Rh5 Re6+ 56. Kf5 Re5+ 57. Kf6 Re6+ 58. Kf5 Re5+ 59. Kf6
Re6+ 1/2-1/2

[Event "chess.com Speed 2021"]
[Site "chess.com INT"]
[Date "2021.11.09"]
[Round "1.34"]
[White "Mamedyarov, Shakhriyar"]
[Black "Ding, Liren"]
[Result "1-0"]
[WhiteTitle "GM"]
[BlackTitle "GM"]
[WhiteElo "2765"]
[BlackElo "2799"]
[WhiteFideId "13401319"]
[BlackFideId "8603677"]
[EventDate "2021.11.08"]
[EventType "k.o."]

1. d4 Nf6 2. c4 e6 3. Nf3 d5 4. Nc3 Bb4 5. Qa4+ Nc6 6. e3 O-O 7. Qc2 Re8 8. Bd2
Bf8 9. a3 e5 10. dxe5 Nxe5 11. cxd5 Nxf3+ 12. gxf3 Nxd5 13. O-O-O a5 14. Rg1 Nb4
15. Qb1 Qf6 16. Ne4 Qc6+ 17. Bc3 Bf5 18. Nf6+ Qxf6 19. Bxf6 Bxb1 20. Kxb1 Nc6
21. Bb5 Re6 22. Bc3 g6 23. f4 Rd6 24. f5 Rxd1+ 25. Rxd1 Bd6 26. h3 Ne7 27. f6
Nc6 28. Bxc6 bxc6 29. Kc2 Kf8 30. e4 Ke8 31. e5 Bc5 32. f4 a4 33. Re1 Kd7 34.
Kd3 Ke6 35. Ke4 Rd8 36. h4 h5 37. Rf1 Bb6 38. f5+ gxf5+ 39. Rxf5 Rg8 40. Rxh5
Rg4+ 41. Kd3 Rg3+ 42. Kc2 Rg2+ 43. Kb1 Rh2 44. Rh8 Be3 45. Re8+ Kf5 46. e6 fxe6
47. f7 Bc5 48. f8=Q+ Bxf8 49. Rxf8+ Ke4 50. Ra8 1-0

[Event "chess.com Speed 2021"]
[Site "chess.com INT"]
[Date "2021.11.09"]
[Round "1.35"]
[White "Ding, Liren"]
[Black "Mamedyarov, Shakhriyar"]
[Result "1/2-1/2"]
[WhiteTitle "GM"]
[BlackTitle "GM"]
[WhiteElo "2799"]
[BlackElo "2765"]
[WhiteFideId "8603677"]
[BlackFideId "13401319"]
[EventDate "2021.11.08"]
[EventType "k.o."]

1. d4 Nf6 2. c4 e6 3. Nf3 c5 4. d5 b5 5. dxe6 fxe6 6. cxb5 d5 7. Nc3 a6 8. e4 d4
9. e5 Ng4 10. Ne4 Bb7 11. Bg5 Qd5 12. Nfd2 Nxe5 13. f4 Nf7 14. Bc4 Qd7 15. bxa6
Nxa6 16. O-O Nc7 17. Qe2 Be7 18. Bxe7 Qxe7 19. f5 O-O-O 20. fxe6 Ne5 21. Rac1
Kb8 22. b3 Rhe8 23. Nf3 d3 24. Qe3 Nxc4 25. Rxc4 Qxe6 26. Qxc5 Na6 27. Qb5 Qd7
28. Qxd7 Rxd7 29. Ned2 Re2 30. Re1 Nc7 31. Rxe2 dxe2 32. Kf2 Ba6 33. Re4 Nd5 34.
Rd4 Kc7 35. Nc4 Nc3 36. Rxd7+ Kxd7 37. Nd4 Nxa2 38. Kxe2 Nc1+ 39. Ke3 Nxb3 40.
Nb6+ Kc7 41. Na8+ Kb8 42. Nxb3 Kxa8 43. Kd4 Kb8 44. Ke5 Kc7 45. Nc5 Bf1 46. g3
Kd8 47. Ne6+ Ke7 48. Nxg7 Kf7 49. Nf5 Ba6 50. g4 Kg6 51. Kf4 Bb7 52. h4 Ba8 53.
Nd6 Kf6 54. Ne4+ Kg6 55. h5+ Kg7 56. Nd6 Bc6 57. Nf5+ Kf6 58. g5+ Kf7 59. Ke5
Bf3 60. Ng3 Bd1 61. Kf4 Kg7 62. Kf5 Bc2+ 63. Kf4 h6 64. Nf5+ Bxf5 65. Kxf5 hxg5
66. Kxg5 Kh7 67. h6 Kh8 68. Kg6 Kg8 69. h7+ Kh8 70. Kf6 Kxh7 1/2-1/2

[Event "chess.com Speed 2021"]
[Site "chess.com INT"]
[Date "2021.11.09"]
[Round "1.36"]
[White "Mamedyarov, Shakhriyar"]
[Black "Ding, Liren"]
[Result "1-0"]
[WhiteTitle "GM"]
[BlackTitle "GM"]
[WhiteElo "2765"]
[BlackElo "2799"]
[WhiteFideId "13401319"]
[BlackFideId "8603677"]
[EventDate "2021.11.08"]
[EventType "k.o."]

1. d4 Nf6 2. c4 e6 3. Nf3 d5 4. Nc3 Bb4 5. Qa4+ Nc6 6. e3 O-O 7. Qc2 Re8 8. Bd2
Bf8 9. a3 h6 10. O-O-O a6 11. Rg1 dxc4 12. g4 Nd5 13. g5 h5 14. Bxc4 b5 15. Bd3
Bb7 16. Bh7+ Kh8 17. g6 f5 18. Ng5 Re7 19. Rde1 Nf6 20. Rg3 b4 21. Nb1 bxa3 22.
Nxa3 a5 23. Rh3 Nb4 24. Qd1 Qd5 25. Bc3 Na2+ 26. Kd2 Nxc3 27. bxc3 f4 28. Rxh5
fxe3+ 29. Rxe3 Qg2 30. Nh3 Rd8 31. Nc4 c6 32. Kc1 c5 33. Rxc5 Bd5 34. Ne5 Rb8
35. Rg3 Qe4 36. Nd3 Rb1+ 37. Kxb1 Rb7+ 38. Kc1 Bb3 39. Ng5 Bxd1 40. Nxe4 Bh5 41.
Rc8 1-0

[Event "chess.com Speed 2021"]
[Site "chess.com INT"]
[Date "2021.11.09"]
[Round "1.37"]
[White "Ding, Liren"]
[Black "Mamedyarov, Shakhriyar"]
[Result "1/2-1/2"]
[WhiteTitle "GM"]
[BlackTitle "GM"]
[WhiteElo "2799"]
[BlackElo "2765"]
[WhiteFideId "8603677"]
[BlackFideId "13401319"]
[EventDate "2021.11.08"]
[EventType "k.o."]

1. d4 Nf6 2. c4 e6 3. Nf3 d5 4. g3 Bb4+ 5. Bd2 Bd6 6. Bg2 O-O 7. Qc2 Nc6 8. O-O
dxc4 9. Rd1 Qe7 10. Bg5 h6 11. Bxf6 Qxf6 12. Qxc4 e5 13. d5 Nd4 14. Nxd4 exd4
15. Nd2 Bf5 16. Nf3 d3 17. e4 Bg6 18. Rd2 Rfe8 19. Re1 b5 20. Qxd3 Bb4 21. Nd4
a6 22. a3 Bxd2 23. Qxd2 Rad8 24. f4 c5 25. e5 Qb6 26. Nc2 c4+ 27. Qd4 Qxd4+ 28.
Nxd4 Bd3 29. Kf2 Rd7 30. d6 Rdd8 31. Bc6 Rf8 32. Ke3 Rb8 33. b3 b4 34. axb4 Rxb4
35. e6 fxe6 36. Nxe6 Rxb3 37. Nxf8 Kxf8 38. d7 Bf5+ 39. Kf2 Rb2+ 40. Kg1 Bxd7
41. Bxd7 c3 42. Rc1 Ke7 43. Bf5 Rb3 44. Kf2 a5 45. Ke3 a4 46. Kd4 a3 47. Rxc3 a2
48. Rc1 Rb2 49. Ra1 Rxh2 50. Be4 Kf6 51. Bd5 Rd2+ 52. Ke4 Re2+ 53. Kf3 Rd2 54.
Bxa2 Rd3+ 55. Kg2 Ra3 56. Kh3 Ra5 57. Kg4 Ra3 58. Kh3 Ra5 59. Kg2 Ra3 60. Kf2 h5
61. Kg2 g6 62. Kh3 Ra5 63. Kh4 Ra3 64. Kh3 Ra5 65. Kh2 Ra3 66. Kg2 Ra5 67. Kf2
Ra3 68. Kg2 Ra5 69. Kh3 Ra3 70. Rb1 Rxa2 71. Rb6+ Kg7 72. Rb7+ Kh6 73. Rb6 Kg7
74. Kh4 Kh6 75. Kh3 Kg7 1/2-1/2

[Event "chess.com Speed 2021"]
[Site "chess.com INT"]
[Date "2021.11.09"]
[Round "1.38"]
[White "Mamedyarov, Shakhriyar"]
[Black "Ding, Liren"]
[Result "0-1"]
[WhiteTitle "GM"]
[BlackTitle "GM"]
[WhiteElo "2765"]
[BlackElo "2799"]
[WhiteFideId "13401319"]
[BlackFideId "8603677"]
[EventDate "2021.11.08"]
[EventType "k.o."]

1. d4 Nf6 2. c4 e6 3. Nf3 d5 4. Nc3 c5 5. cxd5 Nxd5 6. e4 Nxc3 7. bxc3 cxd4 8.
cxd4 Bb4+ 9. Bd2 Bxd2+ 10. Qxd2 O-O 11. Bc4 Nd7 12. O-O b6 13. Rfe1 Bb7 14. Bb3
Rc8 15. Rad1 Re8 16. h3 Nf6 17. Qf4 Nh5 18. Qh2 h6 19. Re3 Rc7 20. Ne5 Nf6 21.
Qf4 b5 22. d5 exd5 23. exd5 Qd6 24. Qd4 Rce7 25. Rde1 Kf8 26. Qf4 Kg8 27. Qd4
Kf8 28. a4 a6 29. axb5 axb5 30. Ba2 Ba8 31. Qb2 Bxd5 32. Bb1 Bc4 33. h4 Kg8 34.
g4 Nd7 35. f4 Nxe5 36. fxe5 Qc5 37. Kh2 Rd7 38. Qc2 g6 39. e6 Qd6+ 40. Kg1 Rxe6
41. h5 Rxe3 42. Rxe3 Qd1+ 43. Qxd1 Rxd1+ 0-1

[Event "chess.com Speed 2021"]
[Site "chess.com INT"]
[Date "2021.11.10"]
[Round "1.11"]
[White "Rapport, Richard"]
[Black "Sarana, Alexey"]
[Result "1/2-1/2"]
[WhiteTitle "GM"]
[BlackTitle "GM"]
[WhiteElo "2763"]
[BlackElo "2656"]
[WhiteFideId "738590"]
[BlackFideId "24133795"]
[EventDate "2021.11.08"]
[EventType "k.o."]

1. d4 Nf6 2. Bg5 d5 3. e3 c5 4. c3 e6 5. Nd2 Be7 6. Ngf3 O-O 7. Bd3 b6 8. Ne5
Nfd7 9. Qh5 f5 10. Bxe7 Qxe7 11. Ndf3 Nxe5 12. Nxe5 Ba6 13. Bxa6 Nxa6 14. O-O
Nb8 15. c4 Nd7 16. Nxd7 Qxd7 17. cxd5 Qxd5 18. dxc5 Qxc5 19. Rac1 Qe7 20. Rc6
Rac8 21. Qf3 Rxc6 22. Qxc6 Rd8 23. g3 Qd7 24. Rc1 Qxc6 25. Rxc6 Rd2 26. Rc8+ Kf7
27. Rc7+ Kf6 28. Rxa7 Rxb2 29. a4 b5 30. axb5 Rxb5 1/2-1/2

[Event "chess.com Speed 2021"]
[Site "chess.com INT"]
[Date "2021.11.10"]
[Round "1.12"]
[White "Sarana, Alexey"]
[Black "Rapport, Richard"]
[Result "0-1"]
[WhiteTitle "GM"]
[BlackTitle "GM"]
[WhiteElo "2656"]
[BlackElo "2763"]
[WhiteFideId "24133795"]
[BlackFideId "738590"]
[EventDate "2021.11.08"]
[EventType "k.o."]

1. d4 Nf6 2. c4 g6 3. Nc3 Bg7 4. e4 d6 5. Be2 O-O 6. Be3 Na6 7. Nf3 e5 8. d5 Ng4
9. Bg5 f6 10. Bh4 Nh6 11. Nd2 c5 12. f3 Nf7 13. a3 Bd7 14. Rb1 Bh6 15. Bf2 f5
16. b4 b6 17. Nb5 Nc7 18. Nxc7 Qxc7 19. O-O Qd8 20. a4 a5 21. bxc5 dxc5 22. Rb2
Nd6 23. exf5 gxf5 24. Nb1 Bg7 25. Nc3 e4 26. Qd2 Re8 27. fxe4 fxe4 28. Be3 Nf5
29. Kh1 Nxe3 30. Qxe3 Bd4 31. Qg3+ Kh8 32. Rb3 Qe7 33. d6 Qe6 34. Nd5 Rf8 35.
Rxb6 Rxf1+ 36. Bxf1 Rf8 37. Be2 Qg4 38. Qe1 Qg5 39. Rb7 Rf2 40. Bf1 e3 41. Nxe3
Qxe3 42. Qb1 Rb2 43. Rb8+ Kg7 0-1

[Event "chess.com Speed 2021"]
[Site "chess.com INT"]
[Date "2021.11.10"]
[Round "1.13"]
[White "Rapport, Richard"]
[Black "Sarana, Alexey"]
[Result "0-1"]
[WhiteTitle "GM"]
[BlackTitle "GM"]
[WhiteElo "2763"]
[BlackElo "2656"]
[WhiteFideId "738590"]
[BlackFideId "24133795"]
[EventDate "2021.11.08"]
[EventType "k.o."]

1. d4 Nf6 2. Bg5 d5 3. e3 c5 4. c3 e6 5. Nd2 Be7 6. Ngf3 O-O 7. Bd3 b6 8. Qe2 a5
9. O-O Ba6 10. Bxa6 Rxa6 11. Rad1 Ra7 12. c4 Nbd7 13. Nb1 cxd4 14. Nxd4 Rc7 15.
Bxf6 Nxf6 16. cxd5 Qxd5 17. Nc3 Qb7 18. Ndb5 Rc5 19. Rd4 Rg5 20. f4 Rc5 21. Rfd1
h6 22. Qf3 Qxf3 23. gxf3 Rfc8 24. R4d3 Kf8 25. a4 Rc4 26. Rd4 Rb4 27. R1d2 Bc5
28. R4d3 Rxf4 29. Kg2 Rb4 30. Na7 Re8 31. Nc6 Rb3 32. Ne5 g5 33. h3 Bb4 34. Nb5
Bxd2 35. Rxb3 Rc8 36. Rd3 Bb4 37. Nd4 Rc1 38. Ng4 Kg7 39. Ne5 Nd5 40. Ng4 Rb1
41. Rb3 Bc5 42. Nc6 h5 0-1

[Event "chess.com Speed 2021"]
[Site "chess.com INT"]
[Date "2021.11.10"]
[Round "1.14"]
[White "Sarana, Alexey"]
[Black "Rapport, Richard"]
[Result "1-0"]
[WhiteTitle "GM"]
[BlackTitle "GM"]
[WhiteElo "2656"]
[BlackElo "2763"]
[WhiteFideId "24133795"]
[BlackFideId "738590"]
[EventDate "2021.11.08"]
[EventType "k.o."]

1. e4 e5 2. Nf3 Nc6 3. Bc4 Bc5 4. c3 Nf6 5. d3 h6 6. O-O d6 7. Re1 a6 8. Bb3 Ba7
9. Nbd2 O-O 10. h3 Re8 11. Nf1 Be6 12. Bc2 d5 13. exd5 Bxd5 14. Ng3 Qd7 15. Nh4
Rad8 16. Nhf5 Kh8 17. d4 exd4 18. Rxe8+ Rxe8 19. Nxg7 d3 20. Nxe8 dxc2 21. Qxc2
Qxe8 22. Bxh6 Qe5 23. Kh2 Ne4 24. f4 Qe6 25. Nxe4 Qxh6 26. Ng5 f6 27. Qf5 Bg8
28. Ne4 Be3 29. g3 Kg7 30. Rd1 Bf7 31. Rd7 Bb6 32. Ng5 Nd8 33. Nxf7 Nxf7 34. Qe6
Qg6 35. f5 Qh5 36. g4 1-0

[Event "chess.com Speed 2021"]
[Site "chess.com INT"]
[Date "2021.11.10"]
[Round "1.15"]
[White "Rapport, Richard"]
[Black "Sarana, Alexey"]
[Result "1-0"]
[WhiteTitle "GM"]
[BlackTitle "GM"]
[WhiteElo "2763"]
[BlackElo "2656"]
[WhiteFideId "738590"]
[BlackFideId "24133795"]
[EventDate "2021.11.08"]
[EventType "k.o."]

1. d4 Nf6 2. Nf3 d5 3. c3 Bf5 4. Qb3 Qc8 5. Bg5 Nbd7 6. e3 e6 7. c4 c6 8. Nc3
Bd6 9. Rc1 O-O 10. Be2 h6 11. Bh4 Qb8 12. Bg3 a5 13. Bxd6 Qxd6 14. Qxb7 Rfb8 15.
c5 Rxb7 16. cxd6 Rxb2 17. Bd1 Bd3 18. Nd2 Ne8 19. Bb3 Nxd6 20. Na4 Rxd2 21. Kxd2
Bb5 22. Rhd1 Rb8 23. Ke1 Nb6 24. Nxb6 Rxb6 25. Rb1 Rb8 26. a4 Ba6 27. Bc2 Rc8
28. Rb6 Bb7 29. Rdb1 Rc7 30. f3 f5 31. Bd3 Kf7 32. Rc1 Ke7 33. Rc5 Kd7 34. Rxa5
Rc8 35. Rb1 Kc7 36. Kd2 Rf8 37. Ra7 Rb8 38. Ba6 g5 39. Bxb7 Rxb7 1-0

[Event "chess.com Speed 2021"]
[Site "chess.com INT"]
[Date "2021.11.10"]
[Round "1.16"]
[White "Sarana, Alexey"]
[Black "Rapport, Richard"]
[Result "0-1"]
[WhiteTitle "GM"]
[BlackTitle "GM"]
[WhiteElo "2656"]
[BlackElo "2763"]
[WhiteFideId "24133795"]
[BlackFideId "738590"]
[EventDate "2021.11.08"]
[EventType "k.o."]

1. d4 Nf6 2. c4 g6 3. Nc3 Bg7 4. e4 d6 5. Be2 O-O 6. Be3 Na6 7. Nf3 e5 8. O-O c6
9. d5 Ng4 10. Bg5 f6 11. Bd2 f5 12. exf5 Bxf5 13. dxc6 bxc6 14. Qa4 Qb6 15. Qa3
e4 16. Nh4 Nxf2 17. Rxf2 e3 18. Bxe3 Qxe3 19. Qxa6 Qxf2+ 20. Kxf2 Bc8+ 21. Nf3
Bxa6 22. Rc1 Rae8 23. b3 g5 24. h3 h5 25. Ke1 d5 26. Kd2 g4 0-1

[Event "chess.com Speed 2021"]
[Site "chess.com INT"]
[Date "2021.11.10"]
[Round "1.17"]
[White "Rapport, Richard"]
[Black "Sarana, Alexey"]
[Result "1-0"]
[WhiteTitle "GM"]
[BlackTitle "GM"]
[WhiteElo "2763"]
[BlackElo "2656"]
[WhiteFideId "738590"]
[BlackFideId "24133795"]
[EventDate "2021.11.08"]
[EventType "k.o."]

1. e4 c5 2. Nc3 d6 3. g3 Nc6 4. Bg2 g6 5. d3 Bg7 6. Nge2 e6 7. O-O Nge7 8. Bg5
h6 9. Be3 Nd4 10. f4 O-O 11. Bf2 Kh7 12. Nxd4 cxd4 13. Ne2 e5 14. c3 dxc3 15.
bxc3 Bg4 16. Rb1 b6 17. f5 gxf5 18. h3 Bxe2 19. Qxe2 Rc8 20. exf5 Bf6 21. c4 Rg8
22. a4 Nc6 23. Kh2 Qd7 24. Be4 Nd4 25. Qa2 Rc5 26. Be3 Bg5 27. f6+ Kh8 28. Qd2
Qd8 29. Bxg5 hxg5 30. Qd1 g4 31. Qd2 Qf8 32. hxg4 Rxg4 33. Rh1 Rg6 34. Kg2+ Kg8
35. Rbf1 1-0

[Event "chess.com Speed 2021"]
[Site "chess.com INT"]
[Date "2021.11.10"]
[Round "1.18"]
[White "Sarana, Alexey"]
[Black "Rapport, Richard"]
[Result "1-0"]
[WhiteTitle "GM"]
[BlackTitle "GM"]
[WhiteElo "2656"]
[BlackElo "2763"]
[WhiteFideId "24133795"]
[BlackFideId "738590"]
[EventDate "2021.11.08"]
[EventType "k.o."]

1. d4 Nf6 2. c4 g6 3. Nc3 Bg7 4. g3 d5 5. Bg2 dxc4 6. Qa4+ Nfd7 7. Nf3 Nc6 8. e3
Nb6 9. Qd1 O-O 10. O-O e5 11. d5 Nb4 12. e4 Nd3 13. Bg5 f6 14. Be3 Nxb2 15. Qe2
Nd3 16. Nd2 f5 17. exf5 gxf5 18. Nxc4 e4 19. Nxb6 axb6 20. Qc2 Bd7 21. Rab1 Qf6
22. Nb5 Bxb5 23. Rxb5 Qc3 24. Qxc3 Bxc3 25. d6 cxd6 26. Rxb6 d5 27. Rxb7 Rf7 28.
Rb5 Ra5 29. Rxa5 Bxa5 30. Rb1 Bc3 31. Rb5 d4 32. Bh6 Rf6 33. Bg5 Rf8 34. Bh6 Rf6
35. Bg5 Rf8 36. Bh3 Be1 37. Bxf5 Bxf2+ 38. Kg2 Be3 39. Be7 Re8 40. Be6+ Kg7 41.
Rb7 Kg6 42. h4 Nc5 43. h5+ Kh6 44. Bxc5 Rxe6 45. g4 Rc6 46. Rb5 Ra6 47. Bf8# 1-0

[Event "chess.com Speed 2021"]
[Site "chess.com INT"]
[Date "2021.11.10"]
[Round "1.19"]
[White "Rapport, Richard"]
[Black "Sarana, Alexey"]
[Result "0-1"]
[WhiteTitle "GM"]
[BlackTitle "GM"]
[WhiteElo "2763"]
[BlackElo "2656"]
[WhiteFideId "738590"]
[BlackFideId "24133795"]
[EventDate "2021.11.08"]
[EventType "k.o."]

1. e4 c5 2. Nc3 d6 3. Nge2 Nf6 4. g3 h5 5. h3 Nc6 6. d4 cxd4 7. Nxd4 e5 8. Nf3
Be7 9. Bc4 Na5 10. Bb5+ Kf8 11. a4 Qc7 12. Bg5 Be6 13. Bxf6 Bxf6 14. Nd5 Bxd5
15. Qxd5 a6 16. Be2 Qc5 17. O-O-O Qxf2 18. Rd2 Qc5 19. Qxd6+ Qxd6 20. Rxd6 Ke7
21. Rd5 Nc6 22. c3 Rhd8 23. Nd2 Bg5 24. Bxh5 Rxd5 25. exd5 Rd8 26. Bf3 Na5 27.
Kc2 Bxd2 28. Kxd2 Nc4+ 29. Kc1 f5 30. b3 Na5 31. Kc2 e4 32. Be2 Rxd5 33. b4 Nc6
34. a5 Ne5 35. h4 Kd6 36. Rf1 Ke6 37. Rb1 Kd6 38. c4 Rd4 39. Kc3 Nf3 40. Rf1 Ke5
41. c5 Rd8 42. Bxf3 Rd3+ 43. Kc2 Rxf3 44. Rxf3 exf3 45. Kd3 Kd5 46. h5 f2 47.
Ke2 Kc4 48. Kxf2 Kxb4 49. Kf3 Kxa5 50. Kf4 Kb5 51. Kg5 a5 52. Kg6 a4 53. Kxg7 a3
54. h6 a2 55. h7 a1=Q+ 56. Kg8 Kxc5 0-1

[Event "chess.com Speed 2021"]
[Site "chess.com INT"]
[Date "2021.11.10"]
[Round "1.21"]
[White "Sarana, Alexey"]
[Black "Rapport, Richard"]
[Result "0-1"]
[WhiteTitle "GM"]
[BlackTitle "GM"]
[WhiteElo "2656"]
[BlackElo "2763"]
[WhiteFideId "24133795"]
[BlackFideId "738590"]
[EventDate "2021.11.08"]
[EventType "k.o."]

1. e4 e6 2. d4 d5 3. Nc3 Bb4 4. e5 c5 5. a3 Bxc3+ 6. bxc3 Nc6 7. Qg4 g6 8. h4 h6
9. Bd2 Bd7 10. Nf3 c4 11. Be2 Qc7 12. h5 g5 13. Nh2 f5 14. Qg3 O-O-O 15. f4 g4
16. Qh4 Rf8 17. Nf1 Qd8 18. Qh2 Na5 19. Kd1 Ba4 20. Qh4 Qd7 21. Ne3 Ne7 22. Be1
Rhg8 23. Kd2 Kb8 24. Bg3 a6 25. Rhb1 Ka7 26. Qh1 Nc8 27. Bh4 Nb6 28. Rb4 Nc6 29.
Rb2 Rb8 30. Rab1 Nc8 31. Bf2 Ka8 32. Nf1 N8a7 33. Ra1 Nb5 34. Be3 Qd8 35. Qg1
Qa5 36. Rb4 g3 37. Bf3 Bxc2 38. Rxb5 Qxb5 39. Kc1 Qb3 40. Bd2 Bd3 41. Bd1 Qb6
42. Ra2 Na5 43. Rb2 Nb3+ 44. Bxb3 cxb3 45. Ne3 a5 0-1

[Event "chess.com Speed 2021"]
[Site "chess.com INT"]
[Date "2021.11.10"]
[Round "1.22"]
[White "Rapport, Richard"]
[Black "Sarana, Alexey"]
[Result "0-1"]
[WhiteTitle "GM"]
[BlackTitle "GM"]
[WhiteElo "2763"]
[BlackElo "2656"]
[WhiteFideId "738590"]
[BlackFideId "24133795"]
[EventDate "2021.11.08"]
[EventType "k.o."]

1. e4 c5 2. Nc3 d6 3. Nge2 a6 4. g3 b5 5. Bg2 Bb7 6. d4 cxd4 7. Nxd4 Nf6 8. O-O
e6 9. Re1 Nbd7 10. a4 b4 11. Nd5 a5 12. Nxf6+ Nxf6 13. Nb5 e5 14. Bg5 Rc8 15.
Qd3 h6 16. Bxf6 Qxf6 17. Na7 Rc5 18. c3 Be7 19. cxb4 axb4 20. Rac1 O-O 21. b3
Rd8 22. h4 d5 23. exd5 Bxd5 24. Bxd5 Rdxd5 25. Qe2 e4 26. Nb5 Rxc1 27. Rxc1 Bc5
28. Kg2 Rf5 29. Qxe4 Rxf2+ 30. Kh3 Rf5 31. Re1 g6 32. Nc7 Rf2 33. Nd5 Qb2 34.
Nf4 Rh2+ 35. Kg4 f5+ 0-1

[Event "chess.com Speed 2021"]
[Site "chess.com INT"]
[Date "2021.11.10"]
[Round "1.23"]
[White "Sarana, Alexey"]
[Black "Rapport, Richard"]
[Result "1-0"]
[WhiteTitle "GM"]
[BlackTitle "GM"]
[WhiteElo "2656"]
[BlackElo "2763"]
[WhiteFideId "24133795"]
[BlackFideId "738590"]
[EventDate "2021.11.08"]
[EventType "k.o."]

1. d4 e6 2. c4 f5 3. Nc3 Nf6 4. a3 g6 5. h4 Bg7 6. Nh3 O-O 7. Nf4 d6 8. h5 e5 9.
dxe5 dxe5 10. Qxd8 Rxd8 11. Nfd5 Nxd5 12. Nxd5 Na6 13. h6 Bh8 14. Bg5 Rd6 15.
O-O-O Kf7 16. b4 c6 17. Nc3 Rxd1+ 18. Kxd1 e4 19. Kc2 Nc7 20. e3 Ne6 21. Bh4 a5
22. b5 Nc5 23. Be2 Be6 24. bxc6 bxc6 25. Rb1 Bf6 26. Bg3 Rc8 27. Bd6 Be7 28.
Bxc5 Bxc5 29. Rb7+ Kf6 30. Rxh7 Bxa3 31. Ra7 Bb4 32. Na4 Kg5 33. h7 Kh6 34. Nb6
Rh8 35. Rc7 Rxh7 36. Rxc6 Bd7 37. Rf6 Kg5 38. Nd5 Rh2 39. f4+ exf3 40. Bxf3 Rh4
41. Kd3 Ba4 42. Rb6 Bb3 43. Nf4 Rh6 44. Bd5 Ba2 45. Bf7 Bc5 46. Ne6+ Kf6 47.
Nxc5+ Kxf7 48. Rb2 Bxc4+ 49. Kxc4 Rh4+ 50. Kd5 Rg4 51. Ke5 1-0

[Event "chess.com Speed 2021"]
[Site "chess.com INT"]
[Date "2021.11.10"]
[Round "1.24"]
[White "Rapport, Richard"]
[Black "Sarana, Alexey"]
[Result "0-1"]
[WhiteTitle "GM"]
[BlackTitle "GM"]
[WhiteElo "2763"]
[BlackElo "2656"]
[WhiteFideId "738590"]
[BlackFideId "24133795"]
[EventDate "2021.11.08"]
[EventType "k.o."]

1. e4 c5 2. Qh5 Nf6 3. Qh4 Nc6 4. Nf3 d6 5. Bb5 Bd7 6. O-O e5 7. d3 Be7 8. Bg5
h6 9. Nc3 O-O 10. Bxf6 Bxf6 11. Qg3 Nd4 12. Bxd7 Qxd7 13. Nxd4 cxd4 14. Nd5 Bd8
15. f4 f6 16. Rf2 Rc8 17. Raf1 Rc5 18. h4 Qc8 19. fxe5 dxe5 20. Nxf6+ Bxf6 21.
Rxf6 Rxf6 22. Rxf6 Rxc2 23. Rg6 Qc7 24. Rxh6 Rxb2 25. Kh2 Rxa2 26. Re6 Qf7 27.
Qxe5 Kh7 28. Re8 Qg6 29. Qg5 Qxg5 30. hxg5 Ra3 31. Re7 b5 32. Rb7 a6 33. e5 Rxd3
34. Rb6 Re3 35. e6 Re5 36. Rxa6 Rxg5 37. Rd6 Re5 38. Kg3 d3 39. Kf4 Re2 0-1

[Event "chess.com Speed 2021"]
[Site "chess.com INT"]
[Date "2021.11.10"]
[Round "1.24"]
[White "Sarana, Alexey"]
[Black "Rapport, Richard"]
[Result "0-1"]
[WhiteTitle "GM"]
[BlackTitle "GM"]
[WhiteElo "2656"]
[BlackElo "2763"]
[WhiteFideId "24133795"]
[BlackFideId "738590"]
[EventDate "2021.11.08"]
[EventType "k.o."]

1. d4 Nf6 2. c4 g6 3. Nf3 Bg7 4. g3 c5 5. Bg2 O-O 6. O-O d6 7. Nc3 Nc6 8. dxc5
dxc5 9. Be3 Qa5 10. Qa4 Qb4 11. Rab1 Bf5 12. Rbc1 Ng4 13. Qxb4 cxb4 14. Na4 Nxe3
15. fxe3 Rad8 16. Kf2 b6 17. b3 Ne5 18. Nxe5 Bxe5 19. Rfd1 h5 20. Bc6 Rd6 21.
Rxd6 exd6 22. Bf3 Rc8 23. e4 Bd7 24. e3 b5 0-1